|
|
|
|
| LEADER |
00000nam a22000007i 4500 |
| 001 |
IT\ICCU\ANA\0491645 |
| 003 |
ItRI |
| 005 |
20260115232206.0 |
| 008 |
140515s2014 it |||||| ||||| |||||c |
| 020 |
|
|
|a 9788898505531
|
| 040 |
|
|
|b ita
|c importazione bologna sebina
|
| 041 |
|
7 |
|a ita
|2 ISO-639-2
|
| 082 |
|
|
|a 346.015
|9 DIRITTO DI FAMIGLIA
|2 22
|
| 100 |
1 |
|
|a Mercante, Alice
|0 IT\ICCU\ANAV\224808
|
| 240 |
1 |
0 |
|a Coppie sposate, di fatto, omosessuali: elementi di omogeneità e differenziazione nella disciplina giuridica
|3 IT\ICCU\BCT\0019409
|9 Mercante, Alice
|
| 245 |
1 |
0 |
|a Coppie sposate, di fatto, omosessuali: elementi di omogeneità e differenziazione nella disciplina giuridica /
|c Alice Mercante.
|
| 260 |
|
|
|a Ancona :
|b Italic,
|c 2014
|
| 300 |
|
|
|a 175 p. ;
|c 21 cm.
|
| 650 |
|
7 |
|a Famiglie di fatto
|x Italia
|x Diritto
|
| 830 |
|
0 |
|a Percorsi
|0 IT\ICCU\RAV\0333924
|
| 942 |
|
|
|2 ddc
|c BK
|n 0
|
| 952 |
|
|
|0 0
|1 0
|4 0
|6 DOC_346_450000000000000_MER
|7 0
|9 21694
|a BO
|b BO
|d 2026-01-15
|i 17607
|l 0
|o DOC 346.450 MER
|p BO17607
|r 2026-01-15 23:22:06
|w 2026-01-15
|x [Sebina 5] [1 v.]
|y BK
|z 1 v.
|
| 999 |
|
|
|c 18531
|d 18531
|